000 00228nam a2200097Ia 4500
005 20251222114349.0
008 251222s1900||||xx |||||||||||||| ||spa||
082 _aDVD0040/K22/2001
245 0 _aEl Guerrero:The Warrior
942 _cDVD
999 _c1150
_d1150